| 000 | 01171 a2200241 4500 | ||
|---|---|---|---|
| 003 | Nust | ||
| 005 | 20230830120713.0 | ||
| 010 | _a 95044158 | ||
| 020 | _c0792396596 (hb : acid-free paper) | ||
| 040 | _cNust | ||
| 082 | 0 | 0 | _a621.3815,HUI |
| 245 | 0 | 0 |
_aAnalog circuit design. _pMCSLow-noise, low-power, low-voltage, mixed-mode design with CAD tools, voltage, current and time references / _cedited by Johan H. Huijsing, Rudy J. van de Plassche, and Willy M.C. Sansen. |
| 260 |
_aBoston : _bKluwer Academic Publishers, _cc1996. |
||
| 300 |
_avii, 421 p. : _bill. ; _c25 cm. |
||
| 505 | _aPart 1:- Low-Noise Low –Power , Low Voltage (Page-1), Part 2:- Mixed-Mode Design with CAD Tools (Page-125), Part 3:- Voltage Current and Time References (Page- 241). | ||
| 650 | 0 | _aTelecommunication Engineering. | |
| 700 | 1 |
_aHuijsing, Johan H., _d1938- _996483 |
|
| 700 | 1 |
_aPlassche, Rudy J. van de. _996484 |
|
| 700 | 1 |
_aSansen, Willy M. C. _996485 |
|
| 856 | 4 | 2 |
_3Publisher description _uhttp://www.loc.gov/catdir/enhancements/fy0821/95044158-d.html |
| 856 | 4 | 2 |
_3Table of contents only _uhttp://www.loc.gov/catdir/enhancements/fy0821/95044158-t.html |
| 942 |
_cREF _2ddc |
||
| 999 |
_c175693 _d175693 |
||